Diccionario de medicina /

Guardat en:
Dades bibliogràfiques
Format: Llibre
Idioma:espanyol
Publicat: Madrid, España : Universidad Complutense de Madrid, 2004, c2001
Col·lecció:(Diccionarios Oxford-Complutense)
Matèries:
Etiquetes: Afegir etiqueta
Sense etiquetes, Sigues el primer a etiquetar aquest registre!

MARC

LEADER 00000nam^a2200000^a^4500
001 000184494
005 20250521000000.0
009 20260310102116.153
020 |a 84-7491-601-1 
037 |a Acervo ITESO - Biblioteca 
041 |a ESP 
082 |a 610. 3  |b OXF 
245 0 0 |a Diccionario de medicina / 
264 4 |a Madrid, España :  |b Universidad Complutense de Madrid,  |c 2004, c2001 
300 |a 981 p. 
336 |a texto  |b txt  |2 rdacontenido 
337 |a sin mediación  |b n  |2 rdamedio 
338 |a volumen  |b nc  |2 rdasoporte 
440 1 |a (Diccionarios Oxford-Complutense) 
500 |a Traducción de: Dictionary of Colour Medical Dictionary 
649 |a XX 
650 |a Medicina -  |x Enciclopedias y Diccionarios 
650 |a Enciclopedias y Diccionarios 
910 |a Fondo General 
920 |a Impresos - Libros 
930 |a Obras de Referencia 
905 |a 102 
901 |a 0500125443  |b IT2  |c REF  |u 20250521 
902 |a https://opac.biblio.iteso.mx/vufind/Record/000184494